000 00783nam a2200241 a 4500
001 BRCA_4336
005 20190320204630.0
008 011208s1957----mx-a---###---#000-0#spa-#
041 _aspa
044 _amx
050 4 _aTS1096.M4
_b.L67 2
_c1957
245 1 0 _aLoreto
_bhistoria y evolución de una fábrica de papel.
260 _aMéxico
_bFábricas de Papel Loreto y Peña Pobre
_c1957
300 _a123 p.
_bil. (algunas a color), retratos, mapas
_c29 cm.
500 _aDedicatoria del autor al señor. Franz Mayer.
500 _aIncluye índice de ilustraciones
500 _aEjemplar igual a A89
500 _aX52
650 1 4 _aPapel
_vFabricación y comercio
_911104
710 2 _aFábrica de Papel Loreto (San Angel, México)
_97477
902 _aGFM
942 _2lcc
_cB
999 _c4047
_d4047